000 005320000a22001810004500
003 MACL
005 20160310165932.0
008 160310b xxu||||| |||| 00| 0 eng d
040 _aMACL
_cMACL
041 _aHindi
082 _a891.433
100 _aमदन लाल वर्मा
_944704
245 _aकांटो से बिंधा गुलाब
260 _bमंथन पब्लिकेशन्‍स
_c1982
_aरोहतक
350 _a32
650 _aNovel
_944705
942 _cHIN
_k891.433
_2ddc
999 _c28363
_d28363